[Event "Reykjavik Open"]
[Site "Reykjavik ISL"]
[Date "2017.04.19"]
[EventDate "2017.04.19"]
[Round "1.99"]
[Result "0-1"]
[White "Luitjen Akselsson Apol"]
[Black "Jon Kristinn Thorgeirsson"]
[WhiteElo "1561"]
[BlackElo "2189"]
[PlyCount "124"]

1. e4 e6 2. d4 d5 3. exd5 exd5 4. Nf3 Nf6 5. Bd3 Be7 6. O-O
O-O 7. Bf4 Nbd7 8. Nbd2 Re8 9. Re1 Nf8 10. c3 Ne6 11. Bg3 g6
12. Ne5 Ng7 13. Qb3 c6 14. Re2 Qb6 15. Rae1 Bf5 16. Bxf5 Nxf5
17. Nef3 Bf8 18. Rxe8 Rxe8 19. Rxe8 Nxe8 20. Qxb6 axb6 21. Ne5
Bh6 22. Nb3 Nfd6 23. Kf1 f6 24. Nd3 Nc4 25. Ke2 Kf7 26. Na1
Ke6 27. Nc2 Bf8 28. h3 h5 29. b3 Ncd6 30. Ne3 Ne4 31. Nd1 g5
32. Bh2 Ba3 33. f3 N4d6 34. g4 hxg4 35. hxg4 c5 36. Ne3 Nb5
37. dxc5 bxc5 38. Nd1 c4 39. Ne1 Bd6 40. Bxd6 Nexd6 41. a4 Nc7
42. b4 Ke5 43. Ng2 Ne6 44. Ke3 f5 45. Nb2 fxg4 46. fxg4 d4+
47. cxd4+ Nxd4 48. Ne1 Kd5 49. Nd1 Ne4 50. a5 Nf6 51. Nf2 Nc6
52. Nc2 Ke5 53. Ke2 Nd5 54. Nh3 Nd4+ 55. Nxd4 Kxd4 56. Nxg5
Nxb4 57. Nf3+ Ke4 58. Nd2+ Kd5 59. g5 c3 60. Nb3 Kc4 61. Nc1
Nd5 62. g6 Nf4+ 0-1

[Event "Reykjavik Open"]
[Site "Reykjavik ISL"]
[Date "2017.04.19"]
[EventDate "2017.04.19"]
[Round "1.105"]
[Result "0-1"]
[White "Stefan Orri Davidsson"]
[Black "Luca Barillaro"]
[WhiteElo "1490"]
[BlackElo "2164"]
[PlyCount "154"]

1. e4 c5 2. c3 Nf6 3. e5 Nd5 4. d4 e6 5. Nf3 cxd4 6. cxd4 d6
7. Bc4 Nb6 8. Bb5+ Bd7 9. Bxd7+ Qxd7 10. O-O Be7 11. Nc3 O-O
12. Qc2 Nc6 13. Bf4 Nb4 14. Qe2 N4d5 15. Nxd5 Nxd5 16. Bd2
Rac8 17. Rac1 a6 18. Qd3 h6 19. a3 Rxc1 20. Rxc1 Rc8 21. Rc2
Rc7 22. Ne1 dxe5 23. dxe5 Qc8 24. f4 Bc5+ 25. Kf1 Bb6 26. Ke2
Qd8 27. g3 Rd7 28. Qb3 Ba7 29. Nf3 b5 30. Rc6 Nb6 31. Ba5 Qb8
32. Bxb6 Bxb6 33. Qc2 Rc7 34. Rxc7 Qxc7 35. Qxc7 Bxc7 36. b3
Kf8 37. Nh4 Ke7 38. Ng2 Kd7 39. Kd3 Kc6 40. g4 a5 41. h3 Bb6
42. Ke4 Bc5 43. a4 bxa4 44. bxa4 Bf2 45. f5 Bg3 46. fxe6 fxe6
47. Kd4 Bf2+ 48. Kc4 g5 49. Kd3 Kd5 50. Ke2 Bc5 51. Ne1 Kxe5
52. Nd3+ Kd5 53. Kd2 e5 54. Nc1 Kc4 55. Ke2 e4 56. Kd2 Kb4
57. Ne2 e3+ 58. Kd3 Kxa4 59. Kc4 Bb4 60. Kd3 Bd2 61. Kc2 Kb4
62. Kb2 Kc4 63. Kc2 a4 64. Ng3 a3 65. Ne2 a2 66. Kb2 Kd3
67. Ng3 e2 68. Nxe2 Kxe2 69. Kxa2 Kf3 70. Kb2 Kg3 71. Kc2 Bf4
72. h4 Kxg4 73. Kd1 Kxh4 74. Ke2 Kg3 75. Kf1 Be3 76. Ke2 Ba7
77. Kf1 h5 0-1

[Event "Reykjavik Open"]
[Site "Reykjavik ISL"]
[Date "2017.04.19"]
[EventDate "2017.04.19"]
[Round "1.108"]
[Result "1-0"]
[White "Hilmir Freyr Heimisson"]
[Black "Benedikt Briem"]
[WhiteElo "2152"]
[BlackElo "1446"]
[PlyCount "97"]

1. d4 Nf6 2. Nf3 g6 3. g3 Bg7 4. Bg2 d5 5. c4 c6 6. O-O O-O
7. Nc3 a5 8. Bf4 Na6 9. Re1 Re8 10. Rc1 Bf5 11. Qb3 Ra7
12. cxd5 cxd5 13. Nb5 Ra8 14. Bc7 Qd7 15. Ne5 Qe6 16. Bxa5
Rec8 17. Bd2 Ne4 18. Bxe4 dxe4 19. Bc3 Qxb3 20. axb3 Be6
21. f3 Bh6 22. Ra1 Bxb3 23. fxe4 f6 24. Nd3 Bc4 25. Na3 b5
26. Nxc4 Rxc4 27. Kf2 Bg7 28. Ra5 Nc7 29. Rxa8+ Nxa8 30. Ra1
Nc7 31. Ke3 Bh6+ 32. Nf4 Ne6 33. Ra8+ Kf7 34. Rb8 Nc7 35. Kd3
Bxf4 36. gxf4 Rc6 37. d5 Rc4 38. Rb6 Ra4 39. Rb7 Rc4 40. b3
Rc5 41. Kd4 Na6 42. d6 Rc6 43. Rxe7+ Kf8 44. e5 fxe5+ 45. fxe5
b4 46. Bd2 Rc2 47. Bh6+ Kg8 48. d7 Rd2+ 49. Bxd2 1-0

[Event "Reykjavik Open"]
[Site "Reykjavik ISL"]
[Date "2017.04.19"]
[EventDate "2017.04.19"]
[Round "1.109"]
[Result "0-1"]
[White "Hjalmar Sigurvaldason"]
[Black "Sue Maroroa"]
[WhiteElo "1441"]
[BlackElo "2148"]
[PlyCount "94"]

1. e4 e5 2. Nf3 Nc6 3. d4 exd4 4. Nxd4 Bc5 5. Be3 Qf6 6. Nb5
Bxe3 7. fxe3 Qh4+ 8. g3 Qd8 9. Bh3 d6 10. Bxc8 Qxc8 11. N1c3
a6 12. Nd4 Nge7 13. Qf3 Ne5 14. Qe2 Qg4 15. O-O-O Qxe2
16. Ndxe2 Ng4 17. Rde1 Nxe3 18. Nf4 Ng4 19. h3 Ne5 20. Nfd5
Nxd5 21. Nxd5 O-O-O 22. Re3 Rhe8 23. Rhe1 Kb8 24. Rc3 Nc6
25. a4 a5 26. Rce3 Re5 27. g4 h5 28. c4 hxg4 29. hxg4 Rg5
30. Rg3 Ne5 31. b3 c6 32. Nc3 Rh8 33. Rf1 Rh4 34. Rf5 Rgxg4
35. Rxg4 Rxg4 36. c5 g6 37. Rf6 dxc5 38. Kd2 Rg3 39. Kc2 Rf3
40. Rxf3 Nxf3 41. Kd3 Kc7 42. Nd1 Nd4 43. Kc4 Kd6 44. e5+ Kxe5
45. Kxc5 Nxb3+ 46. Kb6 Kd4 47. Kxb7 c5 0-1

[Event "Reykjavik Open"]
[Site "Reykjavik ISL"]
[Date "2017.04.19"]
[EventDate "2017.04.19"]
[Round "1.115"]
[Result "0-1"]
[White "Baltasar Mani Wedhol Gunnarsson"]
[Black "Pouelsten Holm Grabow"]
[WhiteElo "1230"]
[BlackElo "2135"]
[PlyCount "102"]

1. e4 e6 2. d4 d5 3. exd5 exd5 4. Nf3 Nf6 5. Be2 Bd6 6. Nc3
O-O 7. O-O Re8 8. Bd3 Bg4 9. h3 Bh5 10. Bg5 c6 11. Ne2 Bxf3
12. gxf3 Nbd7 13. Ng3 g6 14. Qd2 Qc7 15. Kh2 Nh5 16. Rg1 Nf8
17. Rg2 Ne6 18. Rag1 Nxd4 19. Qd1 Ne6 20. Qd2 Nhf4 21. Bxf4
Nxf4 22. Kh1 Nxg2 23. Rxg2 Bf4 24. Qc3 Qe5 25. Qxe5 Rxe5
26. Ne2 Bh6 27. f4 Re7 28. f5 Kg7 29. Ng3 Re1+ 30. Bf1 Kf6
31. fxg6 hxg6 32. Rg1 Rae8 33. Ne2 R1xe2 34. Bxe2 Rxe2 35. b4
Rxc2 36. a4 Rc1 37. Rxc1 Bxc1 38. Kg2 b5 39. a5 Bd2 40. Kf3 a6
41. h4 Bxb4 42. Kg4 Bxa5 43. f4 Bc3 44. f5 a5 45. fxg6 fxg6
46. h5 gxh5+ 47. Kxh5 a4 48. Kh6 a3 49. Kh7 a2 50. Kg8 a1=Q
51. Kf8 Qa8# 0-1

[Event "Reykjavik Open"]
[Site "Reykjavik ISL"]
[Date "2017.04.19"]
[EventDate "2017.04.19"]
[Round "1.121"]
[Result "0-1"]
[White "Suni I Horni Nielsen"]
[Black "Martin Bottema"]
[WhiteElo "1167"]
[BlackElo "2114"]
[PlyCount "100"]

1. e4 c5 2. Nf3 e6 3. d4 cxd4 4. Nxd4 Nc6 5. Nxc6 bxc6 6. Nc3
d5 7. exd5 cxd5 8. Bf4 a6 9. Bd3 Nf6 10. O-O Bd6 11. Bxd6 Qxd6
12. Qf3 O-O 13. Rad1 Bb7 14. Rfe1 Rfe8 15. Qh3 Rad8 16. Ne2 g6
17. c3 Kg7 18. Ng3 Qf4 19. Bc2 e5 20. Re3 Bc8 21. Ne2 Qc4
22. b3 Qc5 23. Qh4 Ng4 24. Rf3 e4 25. Rf4 f5 26. b4 Qe7
27. Qxe7+ Rxe7 28. Nd4 Rc7 29. Rxg4 fxg4 30. Ne2 g3 31. hxg3
Bg4 32. Kf1 Bxe2+ 33. Kxe2 Rxc3 34. Bb3 d4 35. g4 Kf6 36. Rf1
Ke5 37. g3 Rb8 38. f4+ exf3+ 39. Rxf3 Rxf3 40. Kxf3 Rxb4
41. Ke2 a5 42. Bg8 Rb2+ 43. Kd3 Rg2 44. Bxh7 Rxg3+ 45. Kd2
Rxg4 46. a4 Ke4 47. Ke2 d3+ 48. Kd2 Rg2+ 49. Ke1 Ke3 50. Bxg6
Rg1# 0-1

[Event "Reykjavik Open"]
[Site "Reykjavik ISL"]
[Date "2017.04.19"]
[EventDate "2017.04.19"]
[Round "1.122"]
[Result "1-0"]
[White "Martin P Burrows"]
[Black "Bjartur Thorisson"]
[WhiteElo "2113"]
[BlackElo "1071"]
[PlyCount "111"]

1. e4 c5 2. Nf3 e6 3. d4 cxd4 4. Nxd4 Nc6 5. Nb5 a6 6. Nd6+
Bxd6 7. Qxd6 Nge7 8. c4 O-O 9. Nc3 Ng6 10. Be2 Qe7 11. Qd1 d6
12. Be3 e5 13. Nd5 Qd8 14. Qd2 Be6 15. O-O Nd4 16. Bxd4 exd4
17. Qxd4 Bxd5 18. exd5 Qg5 19. f4 Qh4 20. g3 Qh3 21. Bf3 Rae8
22. Rae1 Re7 23. Rxe7 Nxe7 24. Re1 Nf5 25. Qf2 h6 26. Qg2
Qxg2+ 27. Kxg2 Nd4 28. Re4 Nc2 29. Bd1 Nb4 30. a3 Na2 31. Re1
Rc8 32. Bb3 b5 33. Bxa2 bxc4 34. Rc1 g5 35. Rxc4 Rxc4 36. Bxc4
gxf4 37. Bxa6 fxg3 38. hxg3 Kf8 39. Kf3 Ke7 40. Kf4 Kd7 41. a4
Kc7 42. a5 Kb8 43. b4 f6 44. Kf5 h5 45. Kxf6 Ka7 46. Be2 Kb7
47. Ke7 Kc7 48. Bxh5 Kb7 49. Kxd6 Kc8 50. b5 Kb7 51. b6 Kb8
52. Kc6 Kc8 53. a6 Kb8 54. d6 Kc8 55. a7 Kd8 56. a8=R# 1-0

[Event "Reykjavik Open"]
[Site "Reykjavik ISL"]
[Date "2017.04.19"]
[EventDate "2017.04.19"]
[Round "1.124"]
[Result "1-0"]
[White "Herbert Dietzsch"]
[Black "Benedikt Thorisson"]
[WhiteElo "2106"]
[BlackElo "1057"]
[PlyCount "117"]

1. e4 c5 2. Nf3 e6 3. d4 cxd4 4. Nxd4 Nc6 5. Be3 Qc7 6. Nc3 a6
7. Bd3 b5 8. O-O Bb4 9. Nce2 Nf6 10. c3 Be7 11. Nxc6 dxc6
12. h3 Bb7 13. Ng3 O-O 14. Nh5 Rfd8 15. Nxf6+ Bxf6 16. Qe2 c5
17. f4 g6 18. Bc2 Rac8 19. Rad1 Bg7 20. Qf2 b4 21. Rxd8+ Rxd8
22. e5 Bf8 23. cxb4 cxb4 24. Bb6 Qd7 25. Bxd8 Qxd8 26. Kh2 Qc8
27. Rd1 Bc5 28. Qd2 Qc6 29. Re1 Qb6 30. Be4 b3 31. a3 Bxe4
32. Rxe4 Bg1+ 33. Kh1 Bc5 34. Re1 Bf2 35. Rd1 Be3 36. Qd8+
Qxd8 37. Rxd8+ Kg7 38. g3 Bc1 39. Rd3 Bxb2 40. Rxb3 Bd4
41. Rb4 Bc5 42. Ra4 f6 43. Rxa6 fxe5 44. fxe5 Kh6 45. a4 Kg5
46. Rxe6 Kf5 47. Rc6 Bd4 48. e6 Kf6 49. a5 Be3 50. a6 h5
51. Kg2 Ke7 52. Kf3 Bg1 53. Ke4 Kf6 54. g4 hxg4 55. hxg4 g5
56. Kd5 Ke7 57. Rc7+ Kd8 58. e7+ Ke8 59. Ke6 1-0

[Event "Reykjavik Open"]
[Site "Reykjavik ISL"]
[Date "2017.04.20"]
[EventDate "2017.04.19"]
[Round "2.11"]
[Result "1-0"]
[White "Erwin L'Ami"]
[Black "Laurence E Webb"]
[WhiteElo "2614"]
[BlackElo "2271"]
[PlyCount "107"]

1. d4 Nf6 2. Nf3 c5 3. d5 g6 4. Nc3 Bg7 5. e4 d6 6. Be2 O-O
7. O-O e6 8. dxe6 Bxe6 9. Ng5 Nc6 10. Nxe6 fxe6 11. f4 Nd4
12. Bd3 Qb6 13. Kh1 Rad8 14. Ne2 Nc6 15. c3 c4 16. Bxc4 Nxe4
17. Bxe6+ Kh8 18. Qe1 Nc5 19. f5 Nxe6 20. fxe6 Rxf1+ 21. Qxf1
Rf8 22. Qe1 Qf2 23. Bf4 Qxe1+ 24. Rxe1 Be5 25. Bxe5+ dxe5
26. Ng3 Re8 27. Ne4 Rxe6 28. g3 Kg7 29. Rd1 Re8 30. Rd7+ Re7
31. Rd6 Na5 32. b3 b6 33. Kg2 Nb7 34. Rc6 Na5 35. Rc8 h6
36. b4 Nb7 37. Ra8 a5 38. Ra6 axb4 39. cxb4 Nd8 40. a4 Rb7
41. Nd6 Rb8 42. b5 Ne6 43. Nc4 Rc8 44. Nxe5 Rc2+ 45. Kf3 Nc5
46. Rxb6 Nxa4 47. Rxg6+ Kh7 48. Ra6 Rc3+ 49. Kg4 Nb2 50. Ra7+
Kg8 51. b6 Nc4 52. Nxc4 Rxc4+ 53. Kh3 Rb4 54. b7 1-0

[Event "Reykjavik Open"]
[Site "Reykjavik ISL"]
[Date "2017.04.20"]
[EventDate "2017.04.19"]
[Round "2.13"]
[Result "1-0"]
[White "Konstantin Landa"]
[Black "Akshita Gorti"]
[WhiteElo "2611"]
[BlackElo "2261"]
[PlyCount "123"]

1. Nf3 Nf6 2. c4 b6 3. g3 Bb7 4. Bg2 e6 5. O-O Be7 6. Nc3 O-O
7. Re1 d5 8. cxd5 Nxd5 9. Nxd5 exd5 10. d4 Nd7 11. Bf4 Nf6
12. Rc1 c5 13. Ne5 Re8 14. dxc5 bxc5 15. Bg5 Ne4 16. Bxe7 Qxe7
17. Nd3 Rac8 18. Qa4 c4 19. Nf4 Qc5 20. e3 h6 21. Qc2 Qa5
22. Red1 Rcd8 23. h4 a6 24. b3 Rc8 25. Qb2 Qb5 26. Qd4 cxb3
27. axb3 Nf6 28. Bf1 Qa5 29. Ra1 Qc3 30. Bxa6 Qxd4 31. Rxd4
Ra8 32. Rda4 Bxa6 33. Rxa6 Rxa6 34. Rxa6 Rb8 35. Ra3 g5
36. Ne2 gxh4 37. gxh4 Ne4 38. Nd4 Nc5 39. h5 Rb6 40. Ra8+ Kg7
41. Nf5+ Kh7 42. Ra7 Nb7 43. Kg2 Rxb3 44. Ra6 Rb5 45. Rxh6+
Kg8 46. Rf6 Nc5 47. Rxf7 Ne4 48. Rg7+ Kh8 49. h6 Rb6 50. Rd7
Rb2 51. Rxd5 Rxf2+ 52. Kh3 Nf6 53. Kg3 Ne4+ 54. Kh3 Nf6
55. Re5 Kh7 56. Kg3 Rf1 57. Kg2 Rb1 58. Re6 Nd5 59. Kf3 Nc3
60. Kf4 Rb7 61. e4 Rf7 62. Rc6 1-0

[Event "Reykjavik Open"]
[Site "Reykjavik ISL"]
[Date "2017.04.20"]
[EventDate "2017.04.19"]
[Round "2.16"]
[Result "0-1"]
[White "Eivind Olav Risting"]
[Black "Jorden van Foreest"]
[WhiteElo "2250"]
[BlackElo "2584"]
[PlyCount "118"]

1. d4 d5 2. c4 c6 3. cxd5 cxd5 4. Nc3 Nc6 5. e4 Nf6 6. f3 e6
7. e5 Nh5 8. Be3 g5 9. Qd2 Be7 10. Nh3 h6 11. g4 Nf4 12. Nxf4
gxf4 13. Bxf4 Bh4+ 14. Bg3 h5 15. gxh5 Qg5 16. Qxg5 Bxg5
17. f4 Be7 18. O-O-O Rxh5 19. Be2 Rh8 20. h4 Bd7 21. f5 a6
22. f6 Bd8 23. Bf2 Bb6 24. Rh2 O-O-O 25. h5 Rdg8 26. h6 Rg5
27. h7 Nxe5 28. dxe5 Bxf2 29. Rxf2 Rxh7 30. Bd3 Rhh5 31. Re1
Rxe5 32. Rxe5 Rxe5 33. Kd2 Rg5 34. Rh2 Rg8 35. Rh7 Rf8 36. Ke3
Kc7 37. Kf4 Kd6 38. Kg5 e5 39. Bf5 Be6 40. Bxe6 Kxe6 41. Kh6
Rg8 42. Rg7 Rh8+ 43. Kg5 Rh2 44. Nxd5 Rg2+ 45. Kh4 Rxb2
46. Ne3 Kxf6 47. Rg2 Rxg2 48. Nxg2 Kf5 49. Kg3 Ke4 50. Kf2 f5
51. Ke2 b5 52. Ne1 a5 53. Kd2 b4 54. Ke2 f4 55. Nf3 a4
56. Nd2+ Kd4 57. Nf3+ Kc3 58. Nxe5 b3 59. axb3 a3 0-1

[Event "Reykjavik Open"]
[Site "Reykjavik ISL"]
[Date "2017.04.20"]
[EventDate "2017.04.19"]
[Round "2.20"]
[Result "1-0"]
[White "Helgi Dam Ziska"]
[Black "Andrea Della Pietra"]
[WhiteElo "2553"]
[BlackElo "2228"]
[PlyCount "91"]

1. e4 e6 2. d3 d5 3. Nd2 c5 4. Ngf3 Bd6 5. g3 Nc6 6. Bg2 Nge7
7. O-O O-O 8. Re1 Qc7 9. h4 Bd7 10. Qe2 f6 11. c3 b5 12. Nb3
dxe4 13. dxe4 e5 14. Be3 Nd8 15. c4 b4 16. a3 bxa3 17. Rxa3
Nb7 18. Ra6 Nc6 19. Rea1 Be6 20. Nfd2 Rfb8 21. Bf3 Nd4
22. Bxd4 cxd4 23. Rxa7 Rxa7 24. Rxa7 Qb6 25. Ra2 Bb4 26. Bg4
Bf7 27. Ra1 Nd6 28. Rc1 Bxd2 29. Nxd2 Qc6 30. b3 Nb5 31. Ra1
Nc3 32. Qd3 Qb6 33. h5 Qb7 34. Qf3 Qb6 35. Qf5 Rd8 36. Kh2 d3
37. Qf3 Ne2 38. Qe3 Qd6 39. Kg2 Nc3 40. Qa7 Qc6 41. Ra6 Qe8
42. Qc7 Ra8 43. Rxa8 Qxa8 44. Bc8 Be8 45. Be6+ Kh8 46. h6 1-0

[Event "Reykjavik Open"]
[Site "Reykjavik ISL"]
[Date "2017.04.20"]
[EventDate "2017.04.19"]
[Round "2.21"]
[Result "1-0"]
[White "Dimitri van Leent"]
[Black "Erik Blomqvist"]
[WhiteElo "2230"]
[BlackElo "2548"]
[PlyCount "105"]

1. c4 e6 2. g3 d5 3. Bg2 g6 4. Nf3 Bg7 5. O-O Nf6 6. Qc2 O-O
7. b3 b6 8. Bb2 Bb7 9. Ne5 c5 10. h3 Qe7 11. d4 Na6 12. e3
Rac8 13. Qe2 Rfd8 14. Nd2 cxd4 15. exd4 dxc4 16. Ndxc4 Bxg2
17. Kxg2 Nb4 18. a3 Nc6 19. Nxc6 Rxc6 20. Ne5 Rcc8 21. Rac1
Nd5 22. Qa6 Rxc1 23. Rxc1 Bxe5 24. dxe5 Qg5 25. Rc8 Rxc8
26. Qxc8+ Kg7 27. Qc2 h5 28. a4 Kh7 29. Qc6 Qe7 30. h4 Qb4
31. Qe8 Kg7 32. Bc1 Qe4+ 33. Kh2 Qxe5 34. Ba3 Qf6 35. Kg2 a6
36. Bd6 Qc3 37. Qf8+ Kf6 38. Be7+ Ke5 39. Qxf7 Qxb3 40. Qg7+
Kf5 41. Qf7+ Ke5 42. Qg7+ Ke4 43. Qxg6+ Kd4 44. Bf8 Qxa4
45. Qxe6 Qd1 46. Qc6 Qg4 47. Kg1 a5 48. Bh6 Qf5 49. Bg7+ Kd3
50. Qb5+ Kc2 51. Qb2+ Kd1 52. Bh6 Qd3 53. Qc1+ 1-0

[Event "Reykjavik Open"]
[Site "Reykjavik ISL"]
[Date "2017.04.20"]
[EventDate "2017.04.19"]
[Round "2.24"]
[Result "1/2-1/2"]
[White "Dronavalli Harika"]
[Black "John Doknjas"]
[WhiteElo "2521"]
[BlackElo "2216"]
[PlyCount "137"]

1. d4 Nf6 2. Bg5 c6 3. Bxf6 exf6 4. e3 d5 5. g3 Bd6 6. Bg2 O-O
7. Nd2 f5 8. Ne2 Be6 9. O-O Nd7 10. Rc1 Nf6 11. c4 Ne4
12. cxd5 cxd5 13. Nb3 b6 14. Nf4 Bxf4 15. exf4 Qd7 16. Rc2
Rac8 17. Re2 Rc4 18. f3 Nd6 19. Rfe1 Rfc8 20. Bf1 R4c6 21. Rf2
a5 22. Qb1 a4 23. Nc1 Qc7 24. Nd3 Rc4 25. b3 axb3 26. axb3 Rc2
27. Rxc2 Qxc2 28. Qxc2 Rxc2 29. Rc1 Rxc1 30. Nxc1 f6 31. Na2
Bc8 32. Nc3 Bb7 33. Na4 b5 34. Nc5 Bc6 35. Kf2 b4 36. Na6 Bb5
37. Nxb4 Bxf1 38. Kxf1 Nb5 39. Nc2 Kf7 40. Ke2 Ke6 41. Kd3 g6
42. Ne3 h5 43. b4 Nd6 44. Nd1 Kd7 45. Nc3 Kc6 46. Kc2 Nc4
47. b5+ Kd6 48. Kd3 Nb2+ 49. Ke2 Nc4 50. h3 Nb6 51. g4 hxg4
52. fxg4 fxg4 53. hxg4 Nc4 54. g5 fxg5 55. fxg5 Ke6 56. Kf3
Nb6 57. Kg4 Kd6 58. Kf4 Na8 59. Kg4 Nc7 60. b6 Ne6 61. Nxd5
Nxd4 62. b7 Nc6 63. Nb4 Nb8 64. Nd3 Nd7 65. Kf4 Kc7 66. Ke4
Kxb7 67. Kd5 Nf8 68. Nf4 Nh7 69. Nxg6 1/2-1/2

[Event "Reykjavik Open"]
[Site "Reykjavik ISL"]
[Date "2017.04.20"]
[EventDate "2017.04.19"]
[Round "2.29"]
[Result "1/2-1/2"]
[White "Abhijit Kunte"]
[Black "Alan J Walton"]
[WhiteElo "2491"]
[BlackElo "2199"]
[PlyCount "74"]

1. d4 e6 2. c4 d5 3. Nf3 c6 4. Qc2 Bd6 5. g3 Nd7 6. Bg2 Ngf6
7. O-O dxc4 8. e4 e5 9. Rd1 Qe7 10. Nh4 Nb6 11. dxe5 Bxe5
12. a4 Bg4 13. Re1 Qb4 14. Nc3 Rd8 15. Be3 Rd3 16. h3 Be6
17. Nf3 Bxc3 18. bxc3 Qxc3 19. Qe2 O-O 20. Bc5 Rfd8 21. a5
Nbd7 22. Be7 Ne5 23. Nxe5 Qxe5 24. Bxd8 Rxd8 25. Rab1 Qxa5
26. Rxb7 g6 27. Rc1 Nd7 28. Qe1 Qxe1+ 29. Rxe1 Nc5 30. Rxa7
Nd3 31. Re2 Rb8 32. Rc7 Rb1+ 33. Kh2 c5 34. Rc2 Nb4 35. Re2
Nd3 36. Rc2 Nb4 37. Re2 Nd3 1/2-1/2

[Event "Reykjavik Open"]
[Site "Reykjavik ISL"]
[Date "2017.04.20"]
[EventDate "2017.04.19"]
[Round "2.31"]
[Result "1/2-1/2"]
[White "Damian Lemos"]
[Black "Michael Dougherty"]
[WhiteElo "2471"]
[BlackElo "2171"]
[PlyCount "86"]

1. c4 g6 2. Nf3 Bg7 3. d4 c5 4. d5 d6 5. Nc3 Nf6 6. g3 O-O
7. Bg2 e6 8. O-O exd5 9. cxd5 a6 10. a4 Nbd7 11. Bf4 Qe7
12. Re1 Nh5 13. Bg5 f6 14. Bd2 Ne5 15. Nxe5 fxe5 16. Ne4 Bf5
17. b4 Bxe4 18. Bxe4 Qf7 19. Rf1 Nf6 20. Bg2 c4 21. Bc3 b5
22. e4 Qd7 23. Ra2 Nh5 24. Qe2 Bf6 25. Rfa1 Rab8 26. axb5 axb5
27. Ra7 Rb7 28. Bh3 Nf4 29. gxf4 Qxh3 30. Rxb7 Qxc3 31. Raa7
exf4 32. Qg4 Qe1+ 33. Kg2 Qxe4+ 34. Qf3 Qf5 35. h3 Re8 36. Kh2
Bd4 37. Ra2 Qb1 38. Re2 Rxe2 39. Qxe2 Be5 40. Kg2 c3 41. Qxb5
Qe4+ 42. f3 Qc2+ 43. Kf1 Qd1+ 1/2-1/2

[Event "Reykjavik Open"]
[Site "Reykjavik ISL"]
[Date "2017.04.20"]
[EventDate "2017.04.19"]
[Round "2.32"]
[Result "1/2-1/2"]
[White "Jon Kristinn Thorgeirsson"]
[Black "Gudmundur Kjartansson"]
[WhiteElo "2189"]
[BlackElo "2468"]
[PlyCount "113"]

1. e4 c6 2. Nf3 d5 3. Nc3 Bg4 4. h3 Bxf3 5. Qxf3 Nf6 6. g3 e6
7. Bg2 dxe4 8. Nxe4 Nxe4 9. Qxe4 Qd5 10. O-O Qxe4 11. Bxe4 Nd7
12. Re1 O-O-O 13. d3 Nf6 14. Be3 Nxe4 15. dxe4 Kc7 16. Rad1
Bb4 17. c3 Be7 18. Kf1 b5 19. Ke2 a5 20. b3 Bf6 21. c4 bxc4
22. bxc4 Rb8 23. Kf3 Bc3 24. Re2 Rhd8 25. Rxd8 Kxd8 26. Rc2
Be5 27. Rd2+ Kc7 28. Bc5 Rb1 29. Rd3 Kc8 30. Ra3 Bc7 31. Ke3
Rc1 32. Kd3 Rh1 33. h4 h5 34. Bd4 Rd1+ 35. Ke3 g6 36. Bc3 Bb6+
37. Ke2 Rc1 38. Bxa5 Bxa5 39. Rxa5 Kb7 40. c5 Rc2+ 41. Ke3 e5
42. f4 Rc3+ 43. Kf2 exf4 44. gxf4 Rh3 45. Ra4 Rxh4 46. Kg3
Rg4+ 47. Kf3 f6 48. Rd4 g5 49. fxg5 Rxg5 50. Rd7+ Ka6 51. Rd6
Rxc5 52. Rxf6 Kb6 53. Ke3 Ra5 54. Rh6 Rxa2 55. Rxh5 c5 56. Rh8
Kc6 57. Kd3 1/2-1/2

[Event "Reykjavik Open"]
[Site "Reykjavik ISL"]
[Date "2017.04.20"]
[EventDate "2017.04.19"]
[Round "2.37"]
[Result "1/2-1/2"]
[White "Ansgar Barthel"]
[Black "Aman Hambleton"]
[WhiteElo "2166"]
[BlackElo "2434"]
[PlyCount "67"]

1. e4 e5 2. Nf3 Nc6 3. Bc4 Bc5 4. d3 Nf6 5. Nc3 d6 6. Bg5 h6
7. Bxf6 Qxf6 8. Nd5 Qd8 9. c3 a6 10. d4 Ba7 11. h3 O-O 12. O-O
Re8 13. Re1 Be6 14. dxe5 b5 15. Bb3 Na5 16. Nf4 Bxb3 17. axb3
dxe5 18. Qxd8 Rexd8 19. Rxa5 exf4 20. Kf1 Bb6 21. Raa1 a5
22. Red1 Re8 23. Nd4 Rxe4 24. Nxb5 Rae8 25. Re1 f5 26. f3
Rxe1+ 27. Rxe1 Be3 28. Nxc7 Rb8 29. b4 axb4 30. Na6 Rd8
31. Nxb4 Rd2 32. Re2 Rd1+ 33. Re1 Rd2 34. Re2 1/2-1/2

[Event "Reykjavik Open"]
[Site "Reykjavik ISL"]
[Date "2017.04.20"]
[EventDate "2017.04.19"]
[Round "2.40"]
[Result "1/2-1/2"]
[White "Sue Maroroa"]
[Black "Roy Saptarshi"]
[WhiteElo "2148"]
[BlackElo "2425"]
[PlyCount "153"]

1. e4 d5 2. exd5 Qxd5 3. Nc3 Qa5 4. d4 Nf6 5. Nf3 c6 6. Bc4
Bf5 7. Bd2 Qc7 8. Ne5 e6 9. g4 Bg6 10. Qe2 Nbd7 11. O-O-O Nb6
12. h4 Nxc4 13. Qxc4 Be4 14. Rh3 Bd5 15. Qe2 Bd6 16. g5 Bxe5
17. dxe5 Nd7 18. Nxd5 cxd5 19. f4 Qc4 20. Qxc4 dxc4 21. Be3
Ke7 22. Rh2 Rhc8 23. Rhd2 Rc7 24. c3 g6 25. h5 b6 26. h6 Rac8
27. Kb1 Nb8 28. Rd4 Rd7 29. a4 Rxd4 30. Rxd4 Rc5 31. Re4 Rc6
32. a5 Na6 33. axb6 axb6 34. Kc2 Nc7 35. Bd2 Nd5 36. Re1 Kd7
37. Ra1 Nc7 38. Be3 Kc8 39. Rd1 Nd5 40. Bd2 Kb7 41. Ra1 b5
42. Ra5 Nc7 43. Be3 Ra6 44. Rxa6 Kxa6 45. b3 Nd5 46. Bd2 Kb6
47. b4 Kc6 48. Kd1 Nb6 49. Ke2 Na4 50. Kf3 Kd5 51. Ke3 Nb2
52. Kf3 Nd1 53. Be1 Nb2 54. Bd2 Na4 55. Ke3 Nb6 56. Kf3 Nc8
57. Be3 Ne7 58. Bc5 Nf5 59. Bf2 Ne7 60. Bc5 Nc6 61. Ke3 Nb8
62. Kf3 Nd7 63. Bd4 Nb8 64. Bc5 Nc6 65. Ke3 Nd8 66. Kf3 f5
67. exf6 e5 68. fxe5 Kxe5 69. Bb6 Nf7 70. Be3 Kd5 71. Bf4 Nd8
72. Bc7 Ne6 73. Bf4 Nd8 74. Bc7 Ne6 75. Bf4 Nd8 76. Ke3 Nf7
77. Kf3 1/2-1/2

[Event "Reykjavik Open"]
[Site "Reykjavik ISL"]
[Date "2017.04.20"]
[EventDate "2017.04.19"]
[Round "2.41"]
[Result "1-0"]
[White "Sarin Nihal"]
[Black "Alexander A Yakimenko"]
[WhiteElo "2424"]
[BlackElo "2145"]
[PlyCount "139"]

1. d4 e6 2. c4 Nf6 3. Nf3 c5 4. d5 exd5 5. cxd5 d6 6. e4 a6
7. Bd3 g6 8. h3 Bg7 9. O-O O-O 10. a4 Re8 11. Re1 Nbd7
12. Nbd2 Rb8 13. a5 b5 14. axb6 Nxb6 15. Ra2 Ra8 16. Nb1 Nfd7
17. Bd2 Qe7 18. Ba5 Rb8 19. Nbd2 Ne5 20. Nxe5 Bxe5 21. b3 Bg7
22. Nc4 Nxc4 23. Bxc4 Bd4 24. Qd3 Qf6 25. Rae2 Ra8 26. Bd2 Kg7
27. Qg3 h6 28. Kh1 Ra7 29. Bf4 Be5 30. Bxe5 Qxe5 31. Qxe5+
Rxe5 32. f4 Re8 33. e5 Rae7 34. Kg1 Kf8 35. Kf2 Rd8 36. g4 g5
37. Kf3 gxf4 38. Kxf4 dxe5+ 39. Rxe5 Rxe5 40. Rxe5 Rd6 41. Re2
Rf6+ 42. Ke5 Ke7 43. Ra2 Rf3 44. d6+ Kd7 45. Ra5 f6+ 46. Kd5
Rxh3 47. Bxa6 Bxa6 48. Rxa6 Rd3+ 49. Kxc5 Rxb3 50. Ra7+ Kd8
51. Kd5 Re3 52. Rh7 Rh3 53. Ke6 Re3+ 54. Kxf6 Rd3 55. Rxh6
Rxd6+ 56. Kg5 Rd5+ 57. Kg6 Rd6+ 58. Kh5 Rd5+ 59. g5 Ke7
60. Rf6 Rd8 61. Rf1 Rh8+ 62. Kg6 Rg8+ 63. Kh6 Ke8 64. g6 Rh8+
65. Kg7 Rh2 66. Re1+ Kd7 67. Kf7 Rf2+ 68. Kg8 Rg2 69. g7 Rh2
70. Re4 1-0

[Event "Reykjavik Open"]
[Site "Reykjavik ISL"]
[Date "2017.04.20"]
[EventDate "2017.04.19"]
[Round "2.42"]
[Result "1/2-1/2"]
[White "Bardur Orn Birkisson"]
[Black "Throstur Thorhallsson"]
[WhiteElo "2146"]
[BlackElo "2423"]
[PlyCount "60"]

1. d4 e6 2. Nf3 c5 3. c3 Nf6 4. Bf4 Qb6 5. Qb3 Nc6 6. e3 Qxb3
7. axb3 Nh5 8. Bg3 Nxg3 9. hxg3 cxd4 10. exd4 Be7 11. Bd3 h6
12. Nbd2 d6 13. b4 O-O 14. O-O Bd7 15. Nc4 a6 16. b5 axb5
17. Rxa8 Rxa8 18. Nb6 Rd8 19. Nxd7 Rxd7 20. Bxb5 Rd8 21. Ra1
Rb8 22. Nd2 f6 23. Kf1 Kf8 24. Ke2 Bd8 25. Kd3 Bc7 26. b4 Nd8
27. c4 Ke7 28. c5 dxc5 29. bxc5 Nc6 30. Ra4 Rd8 1/2-1/2

[Event "Reykjavik Open"]
[Site "Reykjavik ISL"]
[Date "2017.04.20"]
[EventDate "2017.04.19"]
[Round "2.43"]
[Result "1-0"]
[White "Kidambi Sundararajan"]
[Black "Johan Sigeman"]
[WhiteElo "2422"]
[BlackElo "2138"]
[PlyCount "109"]

1. d4 Nf6 2. Nf3 e6 3. c4 b6 4. Nc3 Bb4 5. e3 Bb7 6. Bd3 O-O
7. O-O c5 8. Bd2 d5 9. cxd5 exd5 10. a3 Bxc3 11. Bxc3 Ne4
12. dxc5 bxc5 13. Bxe4 dxe4 14. Ne5 Qe7 15. Qh5 Nc6 16. Rfd1
Nxe5 17. Qxe5 Qxe5 18. Bxe5 Rfd8 19. Bd6 c4 20. Rd4 Rac8
21. h4 f6 22. Rc1 Rc6 23. Bc5 Rxd4 24. exd4 Ba6 25. Bxa7 Rc7
26. Bc5 Kf7 27. Re1 Bb7 28. Kh2 Kg6 29. a4 Kf5 30. Kg3 h5
31. a5 g5 32. hxg5 fxg5 33. Re3 h4+ 34. Kh2 Rd7 35. b3 cxb3
36. Rxb3 Bd5 37. Rb8 Bb7 38. Rf8+ Kg6 39. Rg8+ Kf5 40. Rf8+
Kg6 41. Re8 Kf5 42. Bb6 Rf7 43. Bd8 Kg4 44. Kg1 Rf5 45. Re7
Rb5 46. Rg7 h3 47. Bxg5 hxg2 48. Be3+ Kf3 49. Rf7+ Ke2
50. Kxg2 Ba6 51. Kg3 Rxa5 52. Ra7 Kd3 53. d5 Ra4 54. d6 Bb5
55. d7 1-0